000 00496nam a2200145Ia 4500
041 _aArabic
082 _a346,07 cut-289 س
100 _a20260118u\\\\\\\\\\\y0engy0103\\\\ba
100 _aا.د.فوزي محمد سامي
245 0 _aمبادئ القانون التجاري وفق المنهاج الجديد لجامعة البلقاء التطبيقية
250 _aط1
260 _bدار المستقبل العربي
_aعمان-الاردن
_c1999
300 _a360
942 _cBk
999 _c187789
_d187789